| 000 | 01377cam a22003737a 4500 | ||
|---|---|---|---|
| 003 | CHAP | ||
| 005 | 20220329141919.0 | ||
| 008 | 980529d1998 mx a r 00110 spa d | ||
| 010 | _a75645 | ||
| 011 | _a76617 | ||
| 035 | _a86203 | ||
| 040 | _cCHAP | ||
| 090 | _aTesis | ||
| 100 | 0 | 0 |
_aCalderón García, Benito. _917391 |
| 245 | 1 | 0 |
_aInsectos asociados al cultivo de haba (Vicia fabae Linneo), en la localidad de Benito Juárez, municipio de Lázaro Cárdenas, Tlaxcala _c/por Benito Calderón García |
| 260 |
_aChapingo, Méx. : _bEl autor, _c1998. |
||
| 300 |
_a91 h. : _bilus. ; gráfs. ; cuadros |
||
| 502 | _aTesis (Ing. en Agroecología) -- UACH. Programa de Agroecología | ||
| 590 |
_aALEPH _b10 _c20130110 _lUCH01 _h1424 |
||
| 590 |
_aBATCH-UPD _b10 _c20130110 _lUCH01 _h0208 |
||
| 590 |
_aBATCH-UPD _b10 _c20130110 _lUCH01 _h0815 |
||
| 590 |
_aBATCH-UPD _b10 _c20130409 _lUCH01 _h2222 |
||
| 590 |
_aBATCH-UPD _b10 _c20130914 _lUCH01 _h0817 |
||
| 590 |
_aCONVERSION _b10 _c20130109 _lUCH01 _h1341 |
||
| 650 | 1 | 4 |
_aHaba _xMalas hierbas. _952113 |
| 650 | 1 | 4 |
_aHaba _xPlagas. _952118 |
| 650 | 1 | 4 |
_aHaba _xTlaxcala. _952125 |
| 901 | _aBK | ||
| 905 | _aLilia Sánchez G. | ||
| 942 | _cFOLL | ||
| 949 |
_bBC _cTES _d33724000589578 _eTS2 _fc.2 _h32743 _i86203 _si |
||
| 949 |
_bBC _cTES _d33724000764262 _eTS2 _fc.3 _h35969 _i86203 _si |
||
| 949 |
_bBC _cTES _d862031 _eTS1 _h32742 _i86203 _sb |
||
| 999 |
_c75645 _d75645 |
||